Statistics for Name Every Amusement Park in the World with 5 or more roller coasters

Click here to take the quiz!

General Stats

  • This quiz has been taken 99 times
  • The average score is 40 of 170

Answer Stats

ContinentAnswer% Correct
North AmericaCedar Point
82%
North AmericaSix Flags Magic Mountain
76%
North AmericaKings Island
75%
EuropeAlton Towers
72%
North AmericaSix Flags Great Adventure
72%
North AmericaKings Dominion
70%
North AmericaSix Flags Great America
70%
EuropeEuropa Park
67%
North AmericaHersheypark
67%
North AmericaSix Flags Over Georgia
67%
North AmericaSix Flags Over Texas
67%
North AmericaSeaworld Orlando
65%
North AmericaBusch Gardens Tampa
63%
North AmericaCanada's Wonderland
62%
North AmericaDollywood
62%
North AmericaSix Flags Fiesta Texas
62%
North AmericaBusch Gardens Williamsburg
61%
EuropeEnergylandia
58%
EuropeThorpe Park
58%
North AmericaKnott's Berry Farm
57%
EuropePhantasialand
57%
North AmericaCarowinds
56%
North AmericaSix Flags America
54%
North AmericaSix Flags New England
54%
North AmericaSeaworld San Antonio
52%
North AmericaSilver Dollar City
51%
North AmericaSix Flags Discovery Kingdom
51%
North AmericaKennywood
49%
North AmericaSeaworld San Diego
49%
North AmericaSix Flags Mexico
49%
North AmericaMagic Kingdom
48%
North AmericaCalifornia's Great America
47%
EuropePortaventura
47%
North AmericaKentucky Kingdom
46%
North AmericaSix Flags St Louis
46%
EuropeBlackpool Pleasure Beach
44%
EuropeParc Asterix
44%
EuropeWalibi Belgium
44%
North AmericaDorney Park
43%
North AmericaSix Flags Darien Lake
43%
EuropeWalibi Holland
43%
AsiaFerrari World
42%
North AmericaIslands Of Adventure
42%
North AmericaHoliday World
41%
AsiaFuji Q Highland
39%
North AmericaLa Ronde
38%
AsiaNagashima Spa Land
38%
EuropeFlamingo Land
37%
EuropeHeide Park
37%
North AmericaWorlds Of Fun
37%
North AmericaMichigan's Adventure
34%
North AmericaValleyfair!
34%
EuropeEfteling
33%
EuropeGardaland
33%
North AmericaKnoebels
33%
EuropePlopsaland
33%
EuropeHansa Park
32%
North AmericaLagoon
32%
EuropeMovie Park Germany
32%
North AmericaGreat Escape
29%
EuropeLiseberg
29%
EuropeMirabilandia
29%
EuropeParque Warner Madrid
29%
EuropeToverland
29%
North AmericaAdventureland
27%
EuropeChessington
25%
North AmericaSilverwood
25%
AustraliaWarner Bros Movie World
25%
North AmericaFrontier City
24%
North AmericaLuna Park
24%
AsiaUniversal Studios Japan
24%
AustraliaDreamworld
23%
North AmericaNickelodeon Universe
23%
EuropeBobbejaanland
20%
North AmericaLake Compounce
19%
EuropeAdventure Island
18%
AsiaHappy Valley
18%
North AmericaMt Olympus
18%
EuropePaultons Park
18%
EuropeBakken
16%
EuropeGrona Lund
16%
EuropeTripsdrill
16%
AsiaUniversal Studios Singapore
16%
North AmericaWaldameer
16%
AfricaGold Reef City
15%
North AmericaIndiana Beach
15%
EuropeLinnanmaki
15%
North AmericaMorey's Piers
15%
EuropeWiener Prater
15%
North AmericaElitch Gardens
14%
EuropeOakwood
14%
EuropeSkyline Park
13%
EuropeWalibi Rhone Alpes
13%
North AmericaWild Adventures
13%
EuropeFantasy Island
11%
North AmericaPlayland
11%
EuropeBonbon Land
10%
EuropeFreizeitpark
10%
EuropeDjurs Somerland
9%
North AmericaMagic Springs
9%
EuropeNigloland
9%
EuropeParc St Paul
9%
EuropeParque de Atracciones de Madrid
9%
North AmericaCotaland
8%
EuropeFarup Somerland
8%
EuropePowerland
8%
North AmericaWonderland
8%
EuropeBayern Park
6%
EuropeEmerald Park
6%
EuropeSärkänniemi
6%
EuropeLe Pal
5%
AsiaMotiongate
5%
EuropeBagatelle
4%
South AmericaFantasialand
4%
EuropeFreizeit-Land
4%
AsiaHimeji Central Park
4%
EuropeMagicland
4%
AsiaNanchang Sunac Land
4%
AsiaOriental Heritage
4%
EuropeZoosafari
4%
AsiaChimelong Paradise
3%
North AmericaLakeside
3%
AsiaLewa Adventure
3%
AsiaNasu Highland Park
3%
North AmericaParque Diversiones
3%
AsiaSun Park
3%
AsiaBeijing Shijingshan Amusement Park
1%
EuropeBrean Theme Park
1%
EuropeCavallino Matto
1%
AsiaChimelong Ocean Kingdom
1%
AsiaChuanlord Holiday Manor
1%
AsiaEram Park
1%
AsiaEsselWorld
1%
AsiaFloraland Continent Park
1%
AsiaHirakata Park
1%
AsiaKijima Kogen
1%
AsiaNanhu Park
1%
AsiaPenglai Euro Park
1%
AsiaQuancheng Euro Park
1%
AsiaRusutsu Resort
1%
AsiaAquatic Paradise
0%
AsiaAsia Park
0%
AsiaFuhua Amusement Park
0%
AsiaGreat Xingdong Tourist World
0%
AsiaGreendland
0%
AsiaHappy World
0%
AsiaHot Go Park
0%
EuropeJardin d'Acclimatation
0%
AsiaJawa Timur Park
0%
AsiaJinan Sunac Land
0%
AsiaJin Jiang Action Park
0%
AsiaLinhe Happy Park
0%
EuropeNew Jesolandia
0%
EuropeOsteria Ai Pioppi
0%
AsiaSeoul Land
0%
AsiaShengming Universal City
0%
AsiaShenyang Botanical Garden
0%
EuropeSommerland Sjælland
0%
AsiaTaihang Happy Valley
0%
EuropeTusenfyrd
0%
AsiaVinwonders
0%
AsiaWonderla Amusement Park Kochi
0%
AsiaXuzhou Paradise
0%
AsiaYing Xiang Ecological Park
0%

Score Distribution

Percentile by Number Answered

Percent of People with Each Score

Your Score History

You have not taken this quiz